00570 2200169 4500245010400000020002200104250001100126700001700137650002800154005001900182260001800201041001400219084001000233500012000243490002800363336000900391 aEnsiklopedia Matematika Volume 3 b : Penjumlahan dan Pengurangan Bilangan Bulat dan PecahanhText a978-602-9083-00-2 aCet. 2 aA. Ismunamto aEnsiklopedia Matematika a20231124101515 aJakartac2011 aIndonesia a510.3 aDaftar isi : Penjumlahan da Pengurangan Bilangan Bulat (Mengenal Bilangan Bulat), Pecahan, Kubus, balok, dan prima. aEnsiklopedia Matematika atext